000 00438nam a22001577a 4500
005 20250828122438.0
008 250828b |||||||| |||| 00| 0 eng d
020 _a978-93-80864-68-6
041 _aeng
082 _a294.592 1
100 _aMAHULIKAR, PROF GAURI
_98653
245 _aCATURDASA-VIDYASTHANANI : A Primer on indian knowledge systems
260 _aKERALA
_bCHINMAYA INTERNATIONAL FOUNDATION
300 _a204;P
942 _cBK
999 _c8779
_d8777